000 00477nam a2200121Ia 4500
008 220216s9999 xx 000 0 und d
100 _aNair N Usha
245 0 _aDiscriminatory fertilizer recommendation for sustained production of natural rubber
260 _b9th Agricultural Science Congress, 2009, Sher-e-Kashmir University of Agricultural Sciences and Technology of Kashmir, Srinagar, pp.148-149.
_c2009
700 _aNair A.N.S.
700 _aUlaganathan A.
942 _cJS
999 _c57236
_d57236